000 00580nam a2200193Ia 4500
003 GCL
008 140319s9999 xx 000 0 ara d
040 _aGCL /
_cGCL
082 0 4 _a813.03
_bج ح
100 1 _aجمال الغيطانى
245 1 0 _aحكايات المؤسسة /
_cجمال الغيطانى
250 _aالاولى
260 _aالقاهرة :
_bدار الشروق ،
_c2002
300 _a318 ص ؛
_c20 سم
650 0 4 _aالادب العربى
650 0 4 _aالقصص العربية
650 0 4 _aالقصص الاجتماعية
942 _2ddc
_cBK
999 _c5070
_d5070